| 000 | 01283nam a2200313Ia 4500 | ||
|---|---|---|---|
| 001 | dia_1009 | ||
| 003 | CHAP | ||
| 005 | 20241105180614.0 | ||
| 008 | 220117s1968 xx 000 0 und d | ||
| 010 | _a171556 | ||
| 020 | _a2000: 968-5266-00-X | ||
| 040 | _cCHAP | ||
| 082 | _aC 338.1736 M24 | ||
| 245 |
_aManual azucarero mexicano / _c edición Compañía Editora del Manual Azucarero |
||
| 260 |
_aMéxico : _b Compañia Editora del Manual Azucarero, _c1968 |
||
| 300 | _av. | ||
| 500 | _aEl ejemplar del año 1969 está perdido (inv. 93) | ||
| 503 | _a1960: D\1977: D\1979: D\1986: I.141117\1987: I.140890\1988: C/e\1989: C/e\1991: I.161552\1993: I.172989\1994: I.172990\1998: D\1999: D | ||
| 505 | _aLa bilioteca tiene: 1967, 1968, 1976, 1977, 1979, 1980, 1984, 1985, 1986, 1987, 1988, 1989, 1990, 1991, 1993, 1994, 1995, 1997, 1998, 1999, 2000 | ||
| 650 |
_aAzúcar _xManuales/ _9149781 |
||
| 650 |
_aCaña de azúcar _xCultivo _xMéxico _9149782 |
||
| 650 | 7 |
_aIndustria azucarera _zMéxico _2 _957791 |
|
| 650 |
_aIngenios azucareros _xMéxico / _958311 |
||
| 710 |
_aCompañía Editora del Manual Azucarero _9149783 |
||
| 901 | _aC 338.1736 M24 | ||
| 902 | _aM | ||
| 905 | _a5222231968- mx aimn8212223322spa16 | ||
| 942 |
_cLIBRO _2ddc |
||
| 999 |
_c171556 _d171556 |
||